LEADER 03641nam 22008895 450 001 9910955454503321 005 20240324170305.0 010 $a9781137316790 010 $a1137316799 024 7 $a10.1057/9781137316790 035 $a(CKB)2670000000567001 035 $a(EBL)1725754 035 $a(SSID)ssj0001287383 035 $a(PQKBManifestationID)12573650 035 $a(PQKBTitleCode)TC0001287383 035 $a(PQKBWorkID)11280582 035 $a(PQKB)10252494 035 $a(SSID)ssj0001658818 035 $a(PQKBManifestationID)16439443 035 $a(PQKBTitleCode)TC0001658818 035 $a(PQKBWorkID)14985210 035 $a(PQKB)10542893 035 $a(MiAaPQ)EBC1725754 035 $a(DE-He213)978-1-137-31679-0 035 $a(Perlego)3486338 035 $a(EXLCZ)992670000000567001 100 $a20151113d2014 u| 0 101 0 $aeng 135 $aur|n|---||||| 181 $ctxt 182 $cc 183 $acr 200 10$aInhabiting 'Childhood': Children, Labour and Schooling in Postcolonial India /$fby S. Balagopalan 205 $a1st ed. 2014. 210 1$aLondon :$cPalgrave Macmillan UK :$cImprint: Palgrave Macmillan,$d2014. 215 $a1 online resource (250 p.) 300 $aDescription based upon print version of record. 311 08$a9781349333561 311 08$a1349333565 311 08$a9780230296428 311 08$a0230296424 320 $aIncludes bibliographical references and index. 327 $aCover; Contents; List of Figures; Acknowledgements; Introduction; 1 Re-forming Lives: The Child on the Street and the ''Street Child''; 2 Sedimenting Labour through Schooling: Colonial State, Native Elite and Working Children in Early Twentieth-Century India; 3 Memories of Tomorrow: On Children, Labour and Postcolonial ''Development''; 4 The Politics of Failure: Children''s Rights and the ''Call of the Other''; 5 ''A Magic Wand'': Reading the Promise of the ''Right to Education'' against the Lives of Working Children; Conclusion: Growing up, Moving on ...; Notes; Bibliography; Index 330 $aThrough a rich ethnography of street and working children in Calcutta, India, this book offers the first sustained enquiry into postcolonial childhoods, arguing that the lingering effects of colonialism are central to comprehending why these children struggle to inhabit the transition from labour to schooling. 606 $aSociology 606 $aSocial groups 606 $aEthnology$zAsia 606 $aCulture 606 $aEthnology 606 $aFamily policy 606 $aEducation$xHistory 606 $aSociology of Family, Youth and Aging 606 $aAsian Culture 606 $aEthnography 606 $aSociology 606 $aChildren, Youth and Family Policy 606 $aHistory of Education 615 0$aSociology. 615 0$aSocial groups. 615 0$aEthnology 615 0$aCulture. 615 0$aEthnology. 615 0$aFamily policy. 615 0$aEducation$xHistory. 615 14$aSociology of Family, Youth and Aging. 615 24$aAsian Culture. 615 24$aEthnography. 615 24$aSociology. 615 24$aChildren, Youth and Family Policy. 615 24$aHistory of Education. 676 $a331.3/10954 686 $aEDU034000$aFAM011000$aSOC002010$aSOC047000$aSOC050000$aEDU020000$2bisacsh 700 $aBalagopalan$b S$4aut$4http://id.loc.gov/vocabulary/relators/aut$01792074 906 $aBOOK 912 $a9910955454503321 996 $aInhabiting 'Childhood': Children, Labour and Schooling in Postcolonial India$94330175 997 $aUNINA